000 00468nam a2200157Ia 4500
003 OSt
005 20230602102301.0
008 211028s2012 xx 000 0 und d
040 _cAIMIT LIBRARY
041 _aeng
100 _aD'Souza, Melvita Reema; Srinivas, B L.
_98358
_e101917
110 _aSrinivas B L
_98359
245 _aDesign and implementation of contact book quick note and ticker portlets for liferay.
260 _aMangalore
_c2012
942 _2ddc
_cPRO
999 _c219848
_d219848